| 000 | 00514nam a22001937a 4500 | ||
|---|---|---|---|
| 003 | NUST - PNEC | ||
| 005 | 20170116180753.0 | ||
| 008 | 150313b xxu||||| |||| 00| 0 eng d | ||
| 020 | _a0324236972 | ||
| 040 | _cLIBRARY | ||
| 082 | _a 339 MAN | ||
| 100 |
_91810 _aGregory Mankiw |
||
| 245 |
_aBrief Principles of Macroeconomics _c Gregory Mankiw |
||
| 250 | _a4th ed. | ||
| 260 |
_aUSA _bThomson _cC 2007 |
||
| 300 | _a469 . : | ||
| 650 |
_91811 _aBrief Principles of Macroeconomics _xBS MIS |
||
| 942 |
_2ddc _cBK |
||
| 999 |
_c62610 _d62610 |
||